Central Library OPAC University of Rajshahi

Financial administration in Bangladesh / (Record no. 52483)

MARC details
000 -LEADER
fixed length control field 00692nam a22002411 4500
001 - CONTROL NUMBER
control field 52483
003 - CONTROL NUMBER IDENTIFIER
rucl marc code BD-RJUL
005 - DATE AND TIME OF LATEST TRANSACTION
control field 20211209075820.0
008 - FIXED-LENGTH DATA ELEMENTS--GENERAL INFORMATION
fixed length control field 160921s1983 bg b 000 0 eng d
035 ## - SYSTEM CONTROL NUMBER
System control number BD-RjUL52603
040 ## - CATALOGING SOURCE
Original cataloging agency BD-RjUL
Language of cataloging eng
Transcribing agency BD-RjUL
041 ## - LANGUAGE CODE
Language code of text/sound track or separate title eng
082 ## - DEWEY DECIMAL CLASSIFICATION NUMBER
Edition number 23
Classification number 354.5492
Author mark and year PAF 1983
100 1# - MAIN ENTRY--PERSONAL NAME
Personal name Patwary, S. U.
9 (RLIN) 156977
245 10 - TITLE STATEMENT
Title Financial administration in Bangladesh /
Statement of responsibility, etc. S.U. Patwary
250 ## - EDITION STATEMENT
Edition statement 1st edi.
260 ## - PUBLICATION, DISTRIBUTION, ETC. (IMPRINT)
Place of publication, distribution, etc. Dhaka :
Name of publisher, distributor, etc. Dipika,
Date of publication, distribution, etc. 1983
300 ## - PHYSICAL DESCRIPTION
Pagination 135 p ;
Size 23 cm
504 ## - BIBLIOGRAPHY, ETC. NOTE
Bibliography, etc "List of budget and allied documents": p. [121]-122
650 #0 - SUBJECT ADDED ENTRY--TOPICAL TERM
Topical term or geographic name as entry element Finance, Public
Geographic subdivision Bangladesh
9 (RLIN) 156978
942 ## - ADDED ENTRY ELEMENTS (KOHA)
Source of classification or shelving scheme Dewey Decimal Classification
Koha item type Books
Holdings
Lost status Source of classification or shelving scheme Damaged status Not for loan Collection code Permanent Location Current Location Shelving location Date acquired Source of acquisition Cost, normal purchase price Total Checkouts Full call number Date last seen Date checked out Copy number Koha item type
  Dewey Decimal Classification     Non-fiction Central Library, University of Rajshahi Central Library, University of Rajshahi   10/04/1984 Tulip Enterprise, Dhaka 50.00 3 354.5492 PAF 1983 18/12/2024 04/12/2024 C-2 Books
  Dewey Decimal Classification   Not For Loan Non-fiction Central Library, University of Rajshahi Central Library, University of Rajshahi Reading Room 10/04/1984 Metropoliton lib., Dhaka 55.00   354.5492 PAF 1983 27/12/2016   C-1 Books